Economics of cotton handloom industry in India (Record no. 348579)

000 -LEADER
fixed length control field 00481cam a22001457a 4500
008 - FIXED-LENGTH DATA ELEMENTS--GENERAL INFORMATION
fixed length control field 180718b1986 xxu||||| |||| 00| 0 eng d
082 ## - DEWEY DECIMAL CLASSIFICATION NUMBER
Classification number T2196x54 M277e
100 ## - MAIN ENTRY--PERSONAL NAME
Personal name Mahapatro, P.C.
245 ## - TITLE STATEMENT
Title Economics of cotton handloom industry in India
Statement of responsibility, etc. by P.C. Mahapatro
260 ## - PUBLICATION, DISTRIBUTION, ETC.
Place of publication, distribution, etc. New Delhi
Name of publisher, distributor, etc. Ashish
Date of publication, distribution, etc. 1986
300 ## - PHYSICAL DESCRIPTION
Extent xv, 277p.
650 ## - SUBJECT ADDED ENTRY--TOPICAL TERM
Topical term or geographic name entry element Orissa (India) --Economic conditions
650 ## - SUBJECT ADDED ENTRY--TOPICAL TERM
Topical term or geographic name entry element Cotton textile industry --India --Orissa
650 ## - SUBJECT ADDED ENTRY--TOPICAL TERM
Topical term or geographic name entry element Handloom industry --India --Orissa
Holdings
Withdrawn status Lost status Damaged status Not for loan Permanent Location Current Location Date acquired Full call number Barcode Date last seen Price effective from Koha item type
        Indian Institute of Public Administration Indian Institute of Public Administration 1993-10-26 T2196x54 M277e 62218 2018-07-21 2018-07-21 Book

Powered by Koha